Biggest Cities Starting with F by Country - Statistics

General Stats
  • This quiz has been taken 173 times
    144 since last reset
  • The average score is 13 of 126
Answers on the Map
Answers color-coded by a green-red scale on the quiz's map according to % correct below.
 
Answer Stats
Country City Population % Correct
Germany Frankfurt 763,380
93%
Brazil Fortaleza 2,686,610
84%
Sierra Leone Freetown 1,055,964
83%
Morocco Fes 1,112,072
82%
Italy Florence 372,038
81%
Japan Fukuoka 1,579,450
80%
United States Fort Worth 909,585
79%
Pakistan Faisalabad 3,204,726
76%
China Foshan 6,771,895
43%
Portugal Funchal 111,541
43%
Tuvalu Funafuti 6,320
34%
India Faridabad 1,414,050
27%
Bahamas Freeport 28,000
27%
Trinidad and Tobago Freeport 10,608
27%
Botswana Francistown 98,961
24%
Iraq Fallujah 250,884
23%
Egypt Faiyum 489,377
22%
France Fort-de-France 80,041
22%
Uzbekistan Fergana 288,850
21%
Argentina Formosa 254,900
21%
Canada Fort McMurray 66,573
21%
Spain Fuenlabrada 194,514
20%
Norway Fredrikstad 82,385
17%
Gabon Franceville 110,568
16%
Madagascar Fianarantsoa 189,879
14%
Cuba Florida 54,191
14%
Honduras Florida 28,331
14%
Uruguay Florida 33,639
14%
United Arab Emirates Fujairah 86,512
13%
Albania Fier 55,845
11%
Switzerland Fribourg 38,197
11%
United Kingdom Filton 70,004
10%
Kuwait Farwaniya 892,915
8%
Colombia Floridablanca 295,700
8%
Philippines Floridablanca 88,284
8%
Afghanistan Farah 42,800
7%
Austria Feldkirch 34,210
7%
Mexico Fresnillo 132,200
7%
Paraguay Fernando de la Mora 180,200
6%
Hungary Fót 20,097
6%
Russia Fryazino 60,437
6%
Czech Republic Frýdek-Místek 55,557
6%
Sweden Falun 59,406
5%
Greece Flórina 17,686
5%
Uganda Fort Portal 60,800
5%
Turkey Fethiye 103,461
4%
Romania Focșani 79,315
4%
Jamaica Falmouth 8,686
3%
Mali Fana 36,854
3%
Chad Faya-Largeau 30,800
3%
South Africa Ficksburg 41,248
3%
Costa Rica Florencia 11,700
3%
Denmark Fredericia 40,981
3%
Burkina Faso Fada N'gourma 62,500
2%
Indonesia Fakfak 12,566
2%
Guinea Faranah 60,449
2%
Guinea-Bissau Farim 9,005
2%
Senegal Fatick 28,276
2%
Bangladesh Feni 156,971
2%
Kosovo Ferizaj 42,628
2%
Ivory Coast Ferkessédougou 55,910
2%
Ireland Fermoy 6,585
2%
Venezuela Fila de Mariches 38,300
2%
Niger Filingué 12,224
2%
Ethiopia Finote Selam 40,600
2%
San Marino Fiorentino 2,552
2%
Moldova Florești 11,988
2%
Bosnia and Herzegovina Foča 10,831
2%
Comoros Fomboni 17,291
2%
Belgium Forest 56,581
2%
Finland Forssa 21,008
2%
Australia Forster 19,918
2%
Kazakhstan Fort-Shevchenko 5,559
2%
Cameroon Foumban 83,522
2%
Liberia Foya 20,569
2%
Poland Frombork 2,415
2%
Nigeria Funtua 82,072
2%
Gambia Faji Kunda 38,121
1%
Mauritania Fassala 5,651
1%
Ukraine Fastiv 45,393
1%
Peru Ferreñafe 52,000
1%
Malta Fgura 12,877
1%
Saint Kitts and Nevis Figtree 2,922
1%
Slovakia Fil'akovo 10,568
1%
Ghana Foso 20,541
1%
Netherlands Franeker 12,781
1%
Angola Funda 3,479
1%
D. R. Congo Fungurume 28,938
1%
Serbia Futog 18,641
1%
Maldives Fuvahmulah 8,510
1%
Azerbaijan Fuzuli 17,090
1%
Myanmar Falam 9,092
0%
Samoa Faleasiu 4,260
0%
Belarus Fanipal 17,500
0%
Oman Fanja 14,755
0%
Dominican Republic Fantino 29,888
0%
Turkmenistan Farap 17,277
0%
Iran Fardis 181,174
0%
Tajikistan Farkhor 25,300
0%
Libya Farzougha 6,564
0%
Iceland Fáskrúðsfjörður 697
0%
East Timor Fatuberlio 6,902
0%
Kyrgyzstan Fedorovo 4,368
0%
F. S. Micronesia Fefen 3,471
0%
New Zealand Feilding 17,050
0%
Taiwan Fenglin 10,802
0%
Qatar Fereej Bin Mahmoud 24,172
0%
Tunisia Fériana 29,572
0%
Bolivia Fernández Alonso 8,922
0%
Laos Feuang 11,556
0%
Zimbabwe Filabusi 1,756
0%
Panama Finca Blanco 1,803
0%
Papua New Guinea Finschafen 2,905
0%
Syria Fiq 1,947
0%
Sao Tome and Principe Folha Fede 831
0%
Benin Fombawi 2,348
0%
Mauritius Fond du Sac 5,186
0%
Haiti Fort-Liberté 20,463
0%
Guatemala Fraijanes 44,117
0%
Antigua and Barbuda Freemans 833
0%
Algeria Frenda 49,376
0%
Luxembourg Frisange 4,746
0%
Chile Frutillar 9,118
0%
Tonga Fua'amotu 1,637
0%
Jordan Fuheis 18,916
0%
Guyana Fyrish 3,120
0%
No matching quizzes found
Score Distribution
Percent of People with Each Score
Percentile by Number Answered
Your Score History
You have not taken this quiz since the last reset